Primi 15 paesi interessati da Covid-19 - 11 agosto 2021 - Statistics

Statistiche generali
  • Questo quiz è stato fatto 5 volte
  • Il punteggio medio è 12 su 27
Statistiche sulle risposte
paese % Corretto
Francia
100%
Germania
100%
Italia
100%
Regno Unito
100%
Spagna
100%
Iran
80%
Messico
80%
Stati Uniti
80%
Argentina
60%
Brasile
60%
Colombia
60%
Russia
60%
Cechia
40%
India
40%
Israele
40%
Slovenia
40%
Turchia
40%
Indonesia
20%
Svezia
20%
Uruguay
20%
Bahrain
0%
Belgio
0%
Estonia
0%
Georgia
0%
Lituania
0%
Paesi Bassi
0%
Panama
0%
Nessun quiz corrispondente trovato
Distribuzione punteggi
Percentuale di utenti per punteggio
Percentile per numero di risposta
I tuoi punteggi nel tempo
Non hai fatto questo quiz